000 00426nam a2200157Ia 4500
008 160316s1990 xxu||||| |||| 00| 0 eng d
082 _a364.400000
_bBHA
100 _aBhatnagar R R
245 _aCrimes in India : Problems and policy
250 _a
260 _aNew Delhi
_bAshish Publishing House
_c1990
300 _a140p
_b
_c
365 _bRs.100/-
650 _a1.Criminology - Crimes - Problems - Policy
700 _a
_a
999 _c8168
_d8168